Probador de circuitos integrados

שמור ב:
מידע ביבליוגרפי
מחבר ראשי: Gutiérrez Flores, Luis Alberto
פורמט: לא ידוע
יצא לאור: [San José, Costa Rica] 1977
תגים: הוספת תג
אין תגיות, היה/י הראשונ/ה לתייג את הרשומה!

MARC

LEADER 00000 a2200000 4500
003 001622
005 20221231143736.0
008 140114s1977 c a m 000 ||s d
040 |c cru CEDI 
090 |a TFG 835 
100 |a Gutiérrez Flores, Luis Alberto  |9 16206 
245 |a Probador de circuitos integrados 
260 |c 1977  |a [San José, Costa Rica] 
300 |a 40 hojas ;ilustraciones 
500 |a A la cabeza de la portada. Universidad de Costa Rica. Facultad de Ingeniería. Escuela de Ingeniería Eléctrica. IE- 410 Proyecto Eléctrico I  
942 |c TFG 
999 |c 11124  |d 11124